बदला हुआ कोण / (Record no. 117326)

MARC details
000 -LEADER
fixed length control field 01071nam a22002537a 4500
005 - DATE AND TIME OF LATEST TRANSACTION
control field 20170124103054.0
010 ## - LIBRARY OF CONGRESS CONTROL NUMBER
LC control number A-890973
020 ## - INTERNATIONAL STANDARD BOOK NUMBER
Terms of availability 125.00
International Standard Book Number 8170554764
035 ## - SYSTEM CONTROL NUMBER
System control number A-890973
037 ## - SOURCE OF ACQUISITION
Source of stock number/acquisition Cen Lib/Ret
040 ## - CATALOGING SOURCE
Original cataloging agency DPL
Language of cataloging HN
082 ## - DEWEY DECIMAL CLASSIFICATION NUMBER
Classification number
Item number सक्सेना
100 ## - MAIN ENTRY--PERSONAL NAME
Personal name सक्सेना, सर्वेश्वरदयाल
9 (RLIN) 51301
245 ## - TITLE STATEMENT
Title बदला हुआ कोण /
Statement of responsibility, etc सर्वेश्वरदयाल सक्सेना
246 ## - VARYING FORM OF TITLE
Title proper/short title Badla hua kauna /
Remainder of title by Sarveshwardayal Saxena
260 ## - PUBLICATION, DISTRIBUTION, ETC. (IMPRINT)
Place of publication, distribution, etc नई दिल्ली
Name of publisher, distributor, etc वाणी प्रकाशन
Date of publication, distribution, etc 1997
270 ## - ADDRESS
City नई दिल्ली
Address 21-ए, दरियागंज
Postal code 110002
300 ## - PHYSICAL DESCRIPTION
Extent 140पृ.
Dimensions 18सेमी (सजिल्द)
650 ## - SUBJECT ADDED ENTRY--TOPICAL TERM
Topical term or geographic name as entry element हिन्दी साहित्य
9 (RLIN) 71361
650 ## - SUBJECT ADDED ENTRY--TOPICAL TERM
Topical term or geographic name as entry element हिन्दी साहित्य -- कहानियां
9 (RLIN) 71362
650 ## - SUBJECT ADDED ENTRY--TOPICAL TERM
Topical term or geographic name as entry element Hindi literature
9 (RLIN) 71363
650 ## - SUBJECT ADDED ENTRY--TOPICAL TERM
Topical term or geographic name as entry element Hindi literature -- Stories
9 (RLIN) 71364
942 ## - ADDED ENTRY ELEMENTS (KOHA)
Source of classification or shelving scheme Dewey Decimal Classification
Koha item type Hindi Books
Classification part
Call number suffix सक्सेना
Holdings
Withdrawn status Lost status Damaged status Not for loan Home library Current library Date acquired Source of acquisition Cost, normal purchase price Total Checkouts Full call number Barcode Date last seen Copy number Cost, replacement price Price effective from Koha item type
        Central Library Central Library 27/08/2015 Cen Lib/Ret 125.00   क सक्सेना A-890973 27/08/2015 1 125.00 15/09/2016 Hindi Books

© Delhi Public Library
Hit Counter
free hit counter